| 000 | 01346nam a2200217Ia 4500 | ||
|---|---|---|---|
| 999 |
_c37770 _d37770 |
||
| 001 | 3747 | ||
| 003 | GE_BSU | ||
| 005 | 20190812150235.0 | ||
| 008 | 181216s1983||||ge |||||||||||||| ||geo|| | ||
| 040 | _cGE_BSU | ||
| 041 | _ageo | ||
| 080 | _a069(479.22) ძ–49 | ||
| 100 |
_aძველაია, მირიან _93510 |
||
| 245 |
_aბუნება საქართველოს მხარეთმცოდნეობის მუზეუმებში : _bმასალები, ზოგიერთი მეთოდ. მითითება / _cსაქ. სსრ მეცნ. აკადემია. დ. დავითაშვილის სახ. პალეობიოლოგიის ინ-ტი. |
||
| 264 |
_aთბილისი : _bმეცნიერება, _c1983. |
||
| 300 |
_a107 გვ. _b17 სმ. |
||
| 504 | _aბიბლიოგრ.: გვ. 108 | ||
| 653 | _a საქართველოს მხარეთმცოდნეობის მუზეუმები - ბუნების ამსახველი კოლექციები | ||
| 710 |
_aსაქ. სსრ მეცნ. აკადემია. _bდ. დავითაშვილის სახ. პალეობიოლოგიის ინ-ტი. _93511 |
||
| 942 |
_cBK _2udc |
||